Statistics for best footballers of the 2020s decade

Click here to take the quiz!

General Stats

  • This quiz has been taken 44 times
  • The average score is 20 of 45

Answer Stats

nationAnswer% Correct
Norwayhaaland
97%
Englandkane
92%
francembappe
92%
BrazilNeymar
84%
argentinamessi
81%
PortugalRonaldo
81%
EnglandBellingham
76%
Polandlewandowski
76%
Croatiamodric
76%
Senegalmane
73%
Egyptsalah
73%
South Koreason
70%
francebenzema
68%
Belgiumlukaku
59%
germanykroos
57%
Brazilthiago silva
57%
netherlandsvan dijk
54%
englandrashford
49%
engalndsaka
49%
austriaalaba
46%
BrazilCasemiro
46%
Englandsterling
43%
Portuguesefernandes
41%
germanykimmich
41%
Belgiumcourtouis
38%
francekante
38%
uruagayvalverde
38%
nigeriaosimhen
35%
netherlandsde jong
32%
englandmount
32%
Portugaldias
30%
Belgiumkdb
24%
Portugueseleao
24%
Brazilrodrygo
24%
englandsancho
24%
spainRodri
22%
Cameroononana
19%
Englandreece james
19%
germanyrudiger
14%
Brazilalison
11%
germanyreus
11%
Englandtrent
11%
Brazilvini jr
11%
Norwayodergaard
8%
francecamivinga
3%

Score Distribution

Percentile by Number Answered

Percent of People with Each Score

Your Score History

You have not taken this quiz